The autobiography of Arthur Young : (Record no. 2452)
[ view plain ]
| 000 -LEADER | |
|---|---|
| fixed length control field | 00778cam a2200241u 4500 |
| 001 - CONTROL NUMBER | |
| control field | 2452 |
| 003 - CONTROL NUMBER IDENTIFIER | |
| rucl marc code | BD-RjUL |
| 005 - DATE AND TIME OF LATEST TRANSACTION | |
| control field | 20211208233544.0 |
| 008 - FIXED-LENGTH DATA ELEMENTS--GENERAL INFORMATION | |
| fixed length control field | 810403s1969 enkch 001 0aeng |
| 035 ## - SYSTEM CONTROL NUMBER | |
| System control number | (BD-RjUL)2479 |
| 040 ## - CATALOGING SOURCE | |
| Original cataloging agency | DLC |
| Transcribing agency | CarP |
| Modifying agency | DLC |
| Language of cataloging | eng |
| 041 ## - LANGUAGE CODE | |
| Language code of text/sound track or separate title | eng |
| 082 ## - DEWEY DECIMAL CLASSIFICATION NUMBER | |
| Edition number | 16 |
| Classification number | 330.92 |
| Author mark and year | YOA 1967 |
| 100 1# - MAIN ENTRY--PERSONAL NAME | |
| Personal name | Young, Arthur, |
| Dates associated with a name | 1741-1820. |
| 9 (RLIN) | 7941 |
| 245 04 - TITLE STATEMENT | |
| Title | The autobiography of Arthur Young : |
| Remainder of title | with selections from his correspondence ... |
| Statement of responsibility, etc. | Arthur Young |
| 260 ## - PUBLICATION, DISTRIBUTION, ETC. (IMPRINT) | |
| Place of publication, distribution, etc. | London : |
| Name of publisher, distributor, etc. | Smith, Elder & co., |
| Date of publication, distribution, etc. | C1898.[Reprinted] |
| 300 ## - PHYSICAL DESCRIPTION | |
| Pagination | x p., 1 l., |
| Illustrations | 480 p. 2 pl., 2 port. (incl. front.) 1 fold. facsim. |
| Size | 22 cm. |
| 526 ## - STUDY PROGRAM INFORMATION NOTE | |
| Requested Dept. | History |
| 700 1# - ADDED ENTRY--PERSONAL NAME | |
| Personal name | Betham-Edwards, Matilda, |
| Dates associated with a name | 1836-1919, |
| Relator term | ed. |
| 942 ## - ADDED ENTRY ELEMENTS (KOHA) | |
| Source of classification or shelving scheme | Dewey Decimal Classification |
| Koha item type | Books |
| Lost status | Source of classification or shelving scheme | Damaged status | Not for loan | Collection code | Permanent Location | Current Location | Shelving location | Date acquired | Source of acquisition | Total Checkouts | Full call number | Date last seen | Copy number | Koha item type |
|---|---|---|---|---|---|---|---|---|---|---|---|---|---|---|
| Dewey Decimal Classification | Not For Loan | Non-fiction | Central Library, University of Rajshahi | Central Library, University of Rajshahi | Reading Room | 25/06/1970 | Zitlinger | 330.92 YOA 1967 | 11/12/2013 | C-1 | Books |